[Event "Bad Woerishofen Seniors op 28th"]
[Site "Bad Woerishofen"]
[Date "2012.03.05"]
[Round "4.34"]
[White "Rother, Alwin"]
[Black "Semmler, Guenter"]
[Result "0-1"]
[WhiteElo "1312"]
[BlackElo "1826"]
[PlyCount "30"]
[EventDate "2012.03.02"]
[EventType "swiss"]
[EventRounds "9"]
[EventCountry "GER"]
[SourceTitle "EXT 2022"]
[Source "ChessBase"]
[SourceDate "2021.10.06"]
[SourceVersion "1"]
[SourceVersionDate "2021.10.06"]
[SourceQuality "1"]

1. d4 Nf6 2. c4 g6 3. Nc3 d5 4. Nf3 Bg7 5. Bg5 Ne4 6. Nxd5 Nxg5 7. Nxg5 e6 8. Nxf7 Kxf7 9. Nc3 Qxd4 10. Qb3 Qb6 11. Qc2 Rd8 12. e3 Qa5 13. Bd3 Nc6 14. a3 Nb4 15. axb4 Qxa1+ 0-1